Development of the Slovak economy in 2015 and expectations for 2016

Guardado en:
Detalles Bibliográficos
Autor principal: Sivák, Rudolf, 1955-
Formato: Capítulo de libro
Lenguaje:inglés
Materias:
Etiquetas: Agregar Etiqueta
Sin Etiquetas, Sea el primero en etiquetar este registro!

MARC

LEADER 00000naa$a2200000$$$4500
001 0220791
005 20260121135824.2
041 0 |a eng 
044 |a SK 
245 1 0 |a Development of the Slovak economy in 2015 and expectations for 2016  |c Rudolf Sivák 
610 2 0 |a rast hospodársky 
610 2 0 |a produkt domáci hrubý 
610 2 0 |a zamestnanosť 
610 2 0 |a nezamestnanosť 
610 2 0 |a ceny spotrebiteľské 
610 2 0 |a Slovensko 
100 1 |a Sivák, Rudolf, 1955-